[Event "EYCC 2024 - G14"]
[Site "?"]
[Date "2024.08.24"]
[Round "3.11"]
[White "Biro, Beata"]
[Black "Briem, Gudrun Fanney"]
[Result "1-0"]
[BlackElo "1764"]
[WhiteElo "1926"]
[LiveChessVersion "1.4.8"]

1. e4 {[%clk 1:30:58]} c6 {[%clk 1:30:50]} 2. d4 {[%clk 1:31:19]} d5
{[%clk 1:31:13]} 3. exd5 {[%clk 1:31:40]} cxd5 {[%clk 1:31:36]} 4. c4
{[%clk 1:32:03]} Nf6 {[%clk 1:31:40]} 5. Nc3 {[%clk 1:32:06]} e6 {[%clk 1:31:58]}
6. Nf3 {[%clk 1:31:33]} Be7 {[%clk 1:32:06]} 7. Bd3 {[%clk 1:30:07]} dxc4
{[%clk 1:28:21]} 8. Bxc4 {[%clk 1:30:28]} O-O {[%clk 1:28:00]} 9. O-O
{[%clk 1:29:56]} a6 {[%clk 1:25:27]} 10. a4 {[%clk 1:28:15]} b6 {[%clk 1:20:19]}
11. Qe2 {[%clk 1:25:22]} Bb7 {[%clk 1:17:40]} 12. Rd1 {[%clk 1:25:29]} Re8
{[%clk 1:13:11]} 13. Ne5 {[%clk 1:20:14]} Nd5 {[%clk 0:47:26]} 14. Rd3
{[%clk 1:10:43]} Nd7 {[%clk 0:33:39]} 15. Rh3 {[%clk 1:05:39]} N7f6
{[%clk 0:18:54]} 16. Nxd5 {[%clk 0:55:31]} exd5 {[%clk 0:10:32]} 17. Bd3
{[%clk 0:55:49]} Bc8 {[%clk 0:08:41]} 18. Bxh7+ {[%clk 0:50:16]} Kf8
{[%clk 0:03:09]} 19. g4 {[%clk 0:42:28]} Bd6 {[%clk 0:01:43]} 20. Bf5
{[%clk 0:40:44]} Bxf5 {[%clk 0:01:10]} 21. gxf5 {[%clk 0:40:06]} Bxe5
{[%clk 0:00:56]} 22. dxe5 {[%clk 0:39:41]} Ng8 {[%clk 0:00:43]} 23. b3
{[%clk 0:39:51]} f6 {[%clk 0:00:42]} 24. e6 {[%clk 0:39:20]} a5 {[%clk 0:00:36]}
25. Ba3+ {[%clk 0:39:05]} Re7 {[%clk 0:00:44]} 26. Rh8 {[%clk 0:38:00]} Rc8
{[%clk 0:00:55]} 27. Qh5 {[%clk 0:38:19]} d4 {[%clk 0:00:35]} 28. Qf7#
{[%clk 0:38:43]} 1-0

[Event "EYCC 2024 - G14"]
[Site "?"]
[Date "2024.08.24"]
[Round "3.12"]
[White "Kammova, Katerina"]
[Black "Zagorac, Lara"]
[Result "1/2-1/2"]
[BlackElo "2012"]
[WhiteElo "1867"]
[LiveChessVersion "1.4.8"]

1. e4 {[%clk 1:30:53]} e5 {[%clk 1:30:47]} 2. Nf3 {[%clk 1:30:33]} Nc6
{[%clk 1:30:53]} 3. d4 {[%clk 1:30:47]} exd4 {[%clk 1:31:07]} 4. Nxd4
{[%clk 1:31:11]} Qf6 {[%clk 1:31:05]} 5. Nb3 {[%clk 1:31:24]} a5 {[%clk 1:18:54]}
6. a4 {[%clk 1:21:29]} Bb4+ {[%clk 1:14:49]} 7. Bd2 {[%clk 1:20:13]} Bxd2+
{[%clk 1:12:24]} 8. Qxd2 {[%clk 1:19:57]} d6 {[%clk 1:10:50]} 9. Nc3
{[%clk 1:19:30]} Be6 {[%clk 1:04:19]} 10. O-O-O {[%clk 1:17:07]} Qd8
{[%clk 0:55:04]} 11. Kb1 {[%clk 1:15:14]} Nge7 {[%clk 0:54:09]} 12. f4
{[%clk 1:06:17]} Bxb3 {[%clk 0:46:36]} 13. cxb3 {[%clk 1:06:24]} Qd7
{[%clk 0:46:23]} 14. g3 {[%clk 1:03:04]} O-O-O {[%clk 0:44:39]} 15. Bg2
{[%clk 1:00:59]} Qe6 {[%clk 0:41:59]} 16. Nd5 {[%clk 0:47:30]} Nxd5
{[%clk 0:40:09]} 17. Qxd5 {[%clk 0:47:46]} Qxd5 {[%clk 0:39:25]} 18. Rxd5
{[%clk 0:48:02]} Rhe8 {[%clk 0:37:55]} 19. Rc1 {[%clk 0:45:56]} Kb8
{[%clk 0:34:10]} 20. e5 {[%clk 0:39:33]} Nb4 {[%clk 0:17:37]} 21. Rxa5
{[%clk 0:35:34]} Nd3 {[%clk 0:17:05]} 22. Rc6 {[%clk 0:19:01]} dxe5
{[%clk 0:10:59]} 23. fxe5 {[%clk 0:15:53]} Rxe5 {[%clk 0:09:44]} 24. Rxe5
{[%clk 0:14:38]} Nxe5 {[%clk 0:09:43]} 25. Rc5 {[%clk 0:13:03]} f6
{[%clk 0:09:19]} 26. Rd5 {[%clk 0:12:29]} Rxd5 {[%clk 0:05:07]} 27. Bxd5
{[%clk 0:12:50]} c5 {[%clk 0:04:41]} 28. h3 {[%clk 0:12:10]} Nd3 {[%clk 0:03:28]}
29. h4 {[%clk 0:11:20]} h6 {[%clk 0:03:50]} 30. Be4 {[%clk 0:10:21]} Nb4
{[%clk 0:03:16]} 31. Kc1 {[%clk 0:09:51]} b6 {[%clk 0:03:06]} 32. Kd2
{[%clk 0:06:59]} Kc7 {[%clk 0:02:09]} 33. Ke3 {[%clk 0:04:57]} Kd6
{[%clk 0:01:51]} 34. h5 {[%clk 0:05:08]} Ke5 {[%clk 0:01:30]} 35. g4
{[%clk 0:05:02]} Na6 {[%clk 0:01:24]} 36. Bg6 {[%clk 0:02:45]} Nc7
{[%clk 0:01:27]} 37. Bf7 {[%clk 0:02:40]} Kd6 {[%clk 0:00:48]} 38. Kf4
{[%clk 0:01:56]} Ke7 {[%clk 0:01:00]} 39. Bc4 {[%clk 0:02:14]} Ne8
{[%clk 0:01:03]} 40. Ke4 {[%clk 0:01:58]} Kd6 {[%clk 0:01:25]} 41. Kf5
{[%clk 0:01:45]} Ke7 {[%clk 0:01:46]} 42. Ke4 {[%clk 0:00:56]} Kd6
{[%clk 0:02:01]} 43. Kf4 {[%clk 0:01:01]} Ke7 {[%clk 0:01:21]} 44. Kf5
{[%clk 0:00:56]} Nd6+ {[%clk 0:01:03]} 45. Kf4 {[%clk 0:00:44]} Ne8
{[%clk 0:01:13]} 46. Ke4 {[%clk 0:01:04]} 1/2-1/2

[Event "EYCC 2024 - G14"]
[Site "?"]
[Date "2024.08.24"]
[Round "3.13"]
[White "Balazs, Szabina Zoe"]
[Black "Aghaverdiyeva, Maryam"]
[Result "0-1"]
[BlackElo "1972"]
[WhiteElo "1818"]
[LiveChessVersion "1.4.8"]

1. e4 {[%clk 1:30:58]} c6 {[%clk 1:30:50]} 2. d4 {[%clk 1:31:22]} d5
{[%clk 1:31:13]} 3. e5 {[%clk 1:31:45]} Bf5 {[%clk 1:31:35]} 4. Nf3
{[%clk 1:31:50]} e6 {[%clk 1:31:55]} 5. Be2 {[%clk 1:32:03]} Nd7 {[%clk 1:32:16]}
6. O-O {[%clk 1:32:20]} a5 {[%clk 1:32:22]} 7. a4 {[%clk 1:32:06]} f6
{[%clk 1:32:42]} 8. exf6 {[%clk 1:27:41]} Ngxf6 {[%clk 1:32:46]} 9. Nh4
{[%clk 1:26:41]} Bd6 {[%clk 1:32:39]} 10. Nxf5 {[%clk 1:23:09]} exf5
{[%clk 1:32:23]} 11. h3 {[%clk 1:23:28]} Ne4 {[%clk 1:31:51]} 12. Bd3
{[%clk 1:20:09]} O-O {[%clk 1:31:58]} 13. Re1 {[%clk 1:19:28]} Qh4
{[%clk 1:29:31]} 14. Bxe4 {[%clk 1:15:50]} fxe4 {[%clk 1:29:35]} 15. Be3
{[%clk 1:15:41]} Nf6 {[%clk 1:25:18]} 16. Nd2 {[%clk 1:12:06]} g5
{[%clk 1:23:42]} 17. f3 {[%clk 1:03:30]} Rae8 {[%clk 1:05:36]} 18. Qe2
{[%clk 0:45:29]} Bg3 {[%clk 0:46:01]} 19. Rf1 {[%clk 0:40:03]} exf3
{[%clk 0:43:05]} 20. Nxf3 {[%clk 0:30:46]} Qe4 {[%clk 0:36:59]} 21. Ra3
{[%clk 0:29:49]} Bf4 {[%clk 0:29:31]} 22. Re1 {[%clk 0:27:21]} g4
{[%clk 0:25:57]} 23. Nd2 {[%clk 0:21:43]} Qxc2 {[%clk 0:22:34]} 24. Nf1
{[%clk 0:12:22]} Qe4 {[%clk 0:18:57]} 25. Qd3 {[%clk 0:04:34]} gxh3
{[%clk 0:15:03]} 26. gxh3 {[%clk 0:03:54]} Kf7 {[%clk 0:15:11]} 27. Qxe4
{[%clk 0:03:54]} Rxe4 {[%clk 0:15:32]} 28. Bf2 {[%clk 0:03:32]} Rg8+
{[%clk 0:13:30]} 29. Kh1 {[%clk 0:03:53]} Ke6 {[%clk 0:13:14]} 30. Rb3
{[%clk 0:03:21]} Rg7 {[%clk 0:13:02]} 31. Rxe4+ {[%clk 0:02:38]} dxe4
{[%clk 0:11:32]} 32. Be1 {[%clk 0:02:47]} Nd5 {[%clk 0:10:10]} 33. Bxa5
{[%clk 0:02:21]} e3 {[%clk 0:10:30]} 34. Rd3 {[%clk 0:00:58]} e2 {[%clk 0:07:28]}
35. Nh2 {[%clk 0:01:16]} Kf5 {[%clk 0:04:36]} 36. Rf3 {[%clk 0:01:07]} Ke4
{[%clk 0:03:46]} 37. Rf2 {[%clk 0:00:57]} Kd3 {[%clk 0:02:48]} 38. Rf3+
{[%clk 0:00:37]} Kc2 {[%clk 0:03:03]} 39. Rf2 {[%clk 0:01:02]} Kd1
{[%clk 0:03:21]} 40. Nf3 {[%clk 0:01:13]} b6 {[%clk 0:03:03]} 41. Be1
{[%clk 0:00:34]} Rg3 {[%clk 0:02:58]} 0-1

[Event "EYCC 2024 - G14"]
[Site "?"]
[Date "2024.08.24"]
[Round "3.14"]
[White "Huseynli, Ayan"]
[Black "Bauer, Laura Sophie"]
[Result "1/2-1/2"]
[BlackElo "1943"]
[WhiteElo "1804"]
[LiveChessVersion "1.4.8"]

1. d4 {[%clk 1:30:58]} d5 {[%clk 1:30:53]} 2. Nc3 {[%clk 1:31:23]} Nf6
{[%clk 1:31:15]} 3. Bf4 {[%clk 1:31:48]} e6 {[%clk 1:31:07]} 4. Nb5
{[%clk 1:32:11]} Bb4+ {[%clk 1:30:42]} 5. c3 {[%clk 1:31:40]} Ba5
{[%clk 1:28:35]} 6. Qa4 {[%clk 1:25:15]} Nc6 {[%clk 1:26:27]} 7. Nf3
{[%clk 1:23:50]} a6 {[%clk 1:25:20]} 8. Na3 {[%clk 1:22:28]} b5 {[%clk 1:23:51]}
9. Qb3 {[%clk 1:21:26]} O-O {[%clk 1:23:10]} 10. Nc2 {[%clk 1:20:09]} Bb6
{[%clk 1:17:08]} 11. a4 {[%clk 1:12:26]} Bd7 {[%clk 1:11:13]} 12. axb5
{[%clk 1:09:41]} Na5 {[%clk 1:05:06]} 13. Qb4 {[%clk 1:09:27]} Bxb5
{[%clk 1:02:29]} 14. Na3 {[%clk 1:00:24]} Bd7 {[%clk 0:46:34]} 15. Nb1
{[%clk 0:55:43]} Ne4 {[%clk 0:38:39]} 16. Nbd2 {[%clk 0:54:18]} c5
{[%clk 0:35:12]} 17. Qa3 {[%clk 0:53:10]} Nxd2 {[%clk 0:30:23]} 18. Nxd2
{[%clk 0:50:02]} cxd4 {[%clk 0:26:44]} 19. cxd4 {[%clk 0:49:55]} Bb5
{[%clk 0:25:55]} 20. e3 {[%clk 0:48:04]} Bxf1 {[%clk 0:25:41]} 21. Kxf1
{[%clk 0:47:03]} Qd7 {[%clk 0:24:13]} 22. Qd3 {[%clk 0:40:25]} Rfc8
{[%clk 0:23:25]} 23. Ke2 {[%clk 0:38:45]} Qb5 {[%clk 0:21:00]} 24. Qxb5
{[%clk 0:38:15]} axb5 {[%clk 0:21:25]} 25. Rhc1 {[%clk 0:37:55]} Nc4
{[%clk 0:19:17]} 26. b3 {[%clk 0:37:37]} Nxd2 {[%clk 0:19:16]} 27. Kxd2
{[%clk 0:37:41]} h6 {[%clk 0:18:33]} 28. Rxc8+ {[%clk 0:35:55]} Rxc8
{[%clk 0:18:58]} 29. Ra6 {[%clk 0:36:12]} Bd8 {[%clk 0:19:13]} 30. Bd6
{[%clk 0:35:57]} Kh7 {[%clk 0:17:34]} 31. Ra7 {[%clk 0:35:10]} Kg6
{[%clk 0:17:20]} 32. Rb7 {[%clk 0:33:44]} Rc6 {[%clk 0:16:57]} 33. Bc5
{[%clk 0:33:53]} Ra6 {[%clk 0:16:35]} 34. Rxb5 {[%clk 0:34:05]} Ra2+
{[%clk 0:16:54]} 35. Ke1 {[%clk 0:34:27]} Ra1+ {[%clk 0:17:07]} 36. Ke2
{[%clk 0:34:53]} Ra2+ {[%clk 0:15:59]} 37. Kf3 {[%clk 0:35:13]} Kf6
{[%clk 0:14:27]} 38. Rb7 {[%clk 0:33:49]} g5 {[%clk 0:13:56]} 39. b4
{[%clk 0:32:59]} h5 {[%clk 0:13:40]} 40. g3 {[%clk 0:32:49]} g4+ {[%clk 0:13:21]}
41. Kg2 {[%clk 0:33:17]} Kg6 {[%clk 0:13:34]} 42. b5 {[%clk 0:18:31]} h4
{[%clk 0:12:22]} 43. b6 {[%clk 0:14:42]} h3+ {[%clk 0:12:43]} 44. Kf1
{[%clk 0:15:11]} Ra1+ {[%clk 0:13:06]} 45. Ke2 {[%clk 0:15:38]} Ra2+
{[%clk 0:13:28]} 46. Ke1 {[%clk 0:15:28]} Ra1+ {[%clk 0:13:43]} 47. Kd2
{[%clk 0:15:53]} Ra2+ {[%clk 0:13:48]} 48. Kc3 {[%clk 0:15:43]} Rxf2
{[%clk 0:14:11]} 49. Rb8 {[%clk 0:15:29]} Bxb6 {[%clk 0:14:14]} 50. Rxb6
{[%clk 0:14:30]} Rxh2 {[%clk 0:14:37]} 51. Rb1 {[%clk 0:12:59]} Rg2
{[%clk 0:14:43]} 52. Bd6 {[%clk 0:13:02]} Kf5 {[%clk 0:14:09]} 53. Kd3
{[%clk 0:13:16]} f6 {[%clk 0:14:04]} 54. Rf1+ {[%clk 0:11:29]} Kg6
{[%clk 0:12:36]} 55. e4 {[%clk 0:11:19]} e5 {[%clk 0:11:41]} 56. dxe5
{[%clk 0:06:44]} Rxg3+ {[%clk 0:12:01]} 57. Kd4 {[%clk 0:06:42]} fxe5+
{[%clk 0:10:32]} 58. Bxe5 {[%clk 0:07:01]} Rf3 {[%clk 0:08:19]} 59. Rg1
{[%clk 0:03:14]} 1/2-1/2

[Event "EYCC 2024 - G14"]
[Site "?"]
[Date "2024.08.24"]
[Round "3.15"]
[White "Ashton, Alannah"]
[Black "Kozusnikova, Daniela"]
[Result "0-1"]
[BlackElo "1804"]
[WhiteElo "1918"]
[LiveChessVersion "1.4.8"]

1. e4 {[%clk 1:30:57]} e5 {[%clk 1:30:55]} 2. Nf3 {[%clk 1:31:20]} Nf6
{[%clk 1:31:19]} 3. Nxe5 {[%clk 1:31:45]} d6 {[%clk 1:31:44]} 4. Nf3
{[%clk 1:32:10]} Nxe4 {[%clk 1:32:10]} 5. Nc3 {[%clk 1:32:35]} Nxc3
{[%clk 1:32:35]} 6. dxc3 {[%clk 1:33:00]} Be7 {[%clk 1:32:57]} 7. Be3
{[%clk 1:33:23]} Nc6 {[%clk 1:32:30]} 8. Qd2 {[%clk 1:33:46]} Be6
{[%clk 1:32:07]} 9. O-O-O {[%clk 1:33:56]} Qd7 {[%clk 1:31:17]} 10. Kb1
{[%clk 1:34:14]} a6 {[%clk 1:27:06]} 11. h3 {[%clk 1:33:34]} O-O-O
{[%clk 1:21:23]} 12. Nd4 {[%clk 1:33:56]} Nxd4 {[%clk 1:21:15]} 13. Bxd4
{[%clk 1:34:19]} f6 {[%clk 1:20:43]} 14. c4 {[%clk 1:29:53]} Rhe8
{[%clk 1:19:27]} 15. Be2 {[%clk 1:24:36]} Qc6 {[%clk 1:15:56]} 16. Qc3
{[%clk 1:21:49]} g6 {[%clk 1:07:07]} 17. h4 {[%clk 1:20:06]} f5 {[%clk 1:04:27]}
18. Rhe1 {[%clk 0:57:07]} Bg8 {[%clk 1:00:39]} 19. g3 {[%clk 0:51:56]} Kb8
{[%clk 0:55:56]} 20. Qb3 {[%clk 0:25:28]} d5 {[%clk 0:40:23]} 21. c5
{[%clk 0:23:00]} Bf8 {[%clk 0:31:10]} 22. Qb4 {[%clk 0:06:02]} Kc8
{[%clk 0:15:54]} 23. Rd3 {[%clk 0:02:40]} Re4 {[%clk 0:15:09]} 24. Re3
{[%clk 0:01:24]} Rxd4 {[%clk 0:14:52]} 25. Qxd4 {[%clk 0:01:48]} Bxc5
{[%clk 0:15:13]} 26. Qf4 {[%clk 0:00:44]} Bxe3 {[%clk 0:15:24]} 27. fxe3
{[%clk 0:01:05]} Re8 {[%clk 0:14:09]} 28. Bd3 {[%clk 0:01:04]} Qe6
{[%clk 0:14:08]} 29. Qa4 {[%clk 0:01:20]} Qe5 {[%clk 0:11:05]} 30. a3
{[%clk 0:00:53]} Re6 {[%clk 0:10:45]} 31. g4 {[%clk 0:00:39]} Rb6
{[%clk 0:11:01]} 32. Qd4 {[%clk 0:00:49]} Qxd4 {[%clk 0:05:51]} 33. exd4
{[%clk 0:01:13]} Re6 {[%clk 0:06:16]} 34. Rf1 {[%clk 0:01:38]} fxg4
{[%clk 0:04:15]} 35. Rf8+ {[%clk 0:02:01]} Kd7 {[%clk 0:04:42]} 36. Ka2
{[%clk 0:00:47]} Re8 {[%clk 0:04:21]} 37. Rf2 {[%clk 0:00:42]} Re3
{[%clk 0:03:13]} 38. Rg2 {[%clk 0:00:39]} Be6 {[%clk 0:03:38]} 39. Be2
{[%clk 0:01:03]} h5 {[%clk 0:03:44]} 40. Rh2 {[%clk 0:01:22]} Bf5
{[%clk 0:03:35]} 41. Kb1 {[%clk 0:01:13]} Rh3 {[%clk 0:03:35]} 42. Rxh3
{[%clk 0:01:01]} gxh3 {[%clk 0:04:03]} 43. Bf3 {[%clk 0:01:19]} Be4
{[%clk 0:04:29]} 0-1

[Event "EYCC 2024 - G14"]
[Site "?"]
[Date "2024.08.24"]
[Round "3.16"]
[White "Toumpakari, Maria"]
[Black "Haasova, Timea"]
[Result "1-0"]
[BlackElo "1890"]
[WhiteElo "1774"]
[LiveChessVersion "1.4.8"]

1. e4 {[%clk 1:30:57]} e6 {[%clk 1:30:53]} 2. d4 {[%clk 1:31:22]} d5
{[%clk 1:31:15]} 3. e5 {[%clk 1:31:46]} c5 {[%clk 1:31:21]} 4. c3
{[%clk 1:32:11]} Nc6 {[%clk 1:31:09]} 5. Nf3 {[%clk 1:32:34]} Qb6
{[%clk 1:31:05]} 6. Be2 {[%clk 1:32:22]} cxd4 {[%clk 1:25:16]} 7. cxd4
{[%clk 1:32:41]} Nge7 {[%clk 1:23:39]} 8. Na3 {[%clk 1:24:42]} Nf5
{[%clk 1:19:02]} 9. Nc2 {[%clk 1:24:55]} Bb4+ {[%clk 1:04:25]} 10. Kf1
{[%clk 1:15:56]} Be7 {[%clk 0:56:30]} 11. g4 {[%clk 1:06:41]} Nh4
{[%clk 0:53:48]} 12. Nxh4 {[%clk 0:55:20]} Bxh4 {[%clk 0:54:08]} 13. Kg2
{[%clk 0:55:37]} f6 {[%clk 0:44:36]} 14. f4 {[%clk 0:47:35]} Bd7 {[%clk 0:35:18]}
15. b4 {[%clk 0:34:04]} Rc8 {[%clk 0:28:32]} 16. a4 {[%clk 0:25:00]} fxe5
{[%clk 0:27:23]} 17. fxe5 {[%clk 0:17:27]} Nxe5 {[%clk 0:18:09]} 18. dxe5
{[%clk 0:14:44]} Qf2+ {[%clk 0:18:25]} 19. Kh3 {[%clk 0:15:09]} Rc3+
{[%clk 0:18:24]} 20. Be3 {[%clk 0:14:55]} Rxe3+ {[%clk 0:16:13]} 21. Nxe3
{[%clk 0:15:17]} Qxe3+ {[%clk 0:16:34]} 22. Bf3 {[%clk 0:15:40]} h5
{[%clk 0:06:38]} 23. g5 {[%clk 0:14:57]} Rf8 {[%clk 0:05:31]} 24. Rf1
{[%clk 0:14:04]} Bxg5 {[%clk 0:03:30]} 25. Qe2 {[%clk 0:13:44]} g6
{[%clk 0:02:09]} 26. Qxe3 {[%clk 0:11:29]} Bxe3 {[%clk 0:02:35]} 27. Ra3
{[%clk 0:09:21]} d4 {[%clk 0:02:03]} 28. Kg2 {[%clk 0:09:36]} Bc6
{[%clk 0:01:47]} 29. Bxc6+ {[%clk 0:09:26]} bxc6 {[%clk 0:02:15]} 30. Rxf8+
{[%clk 0:09:50]} Kxf8 {[%clk 0:02:42]} 31. Kf3 {[%clk 0:09:58]} g5 32. h3 Ke7
{[%clk 0:01:27]} 33. Ra1 {[%clk 0:10:20]} Kd7 {[%clk 0:00:53]} 34. Rf1
{[%clk 0:09:28]} Kc7 {[%clk 0:00:41]} 35. Ke4 {[%clk 0:09:13]} Kb6
{[%clk 0:00:40]} 36. Rf6 {[%clk 0:09:34]} a5 {[%clk 0:00:53]} 37. bxa5+
{[%clk 0:09:40]} Kxa5 {[%clk 0:01:15]} 38. Rxe6 {[%clk 0:10:27]} c5 39. Rc6 g4
{[%clk 0:00:42]} 40. hxg4 {[%clk 0:10:43]} hxg4 {[%clk 0:01:08]} 41. Rxc5+
{[%clk 0:11:05]} Kxa4 {[%clk 0:00:38]} 42. Rc2 {[%clk 0:11:21]} g3
{[%clk 0:00:45]} 43. Rg2 {[%clk 0:11:48]} Kb5 {[%clk 0:00:43]} 44. Rxg3
{[%clk 0:12:02]} Kc6 {[%clk 0:01:06]} 45. Rg7 {[%clk 0:11:15]} Bf2
{[%clk 0:00:48]} 46. e6 {[%clk 0:08:44]} Bh4 {[%clk 0:01:03]} 47. Rd7
{[%clk 0:08:42]} Bf6 {[%clk 0:01:05]} 48. Rf7 {[%clk 0:09:04]} Bh4
{[%clk 0:01:10]} 49. Rd7 {[%clk 0:07:53]} Bf6 {[%clk 0:01:27]} 50. Kf5
{[%clk 0:08:15]} Bh4 {[%clk 0:01:27]} 51. Rxd4 {[%clk 0:08:39]} Be7
{[%clk 0:01:36]} 52. Kg6 {[%clk 0:09:00]} Ba3 {[%clk 0:00:41]} 53. Kf7
{[%clk 0:09:18]} Bc5 {[%clk 0:00:48]} 54. Rd3 {[%clk 0:09:36]} Bd6
{[%clk 0:00:47]} 55. Rxd6+ {[%clk 0:10:01]} 1-0